Countering al-Qaeda in London (Record no. 71143)
[ view plain ]
| 000 -LEADER | |
|---|---|
| fixed length control field | 00462nam a2200169Ia 4500 |
| 001 - CONTROL NUMBER | |
| control field | 66307 |
| 008 - FIXED-LENGTH DATA ELEMENTS--GENERAL INFORMATION | |
| fixed length control field | 150514s9999 xx 000 0 und d |
| 020 ## - INTERNATIONAL STANDARD BOOK NUMBER | |
| International Standard Book Number | 978189041669 |
| 040 ## - CATALOGING SOURCE | |
| Transcribing agency | PK-LaUMT |
| 082 ## - DEWEY DECIMAL CLASSIFICATION NUMBER | |
| Classification number | 363.325088290942 |
| Item number | LAM-C |
| 100 ## - MAIN ENTRY--PERSONAL NAME | |
| Personal name | Lambert, Robert |
| 245 ## - TITLE STATEMENT | |
| Title | Countering al-Qaeda in London |
| Remainder of title | police and Muslims in partnership |
| Statement of responsibility, etc | Lambert, Robert |
| 260 ## - PUBLICATION, DISTRIBUTION, ETC. (IMPRINT) | |
| Place of publication, distribution, etc | London,UK: |
| Name of publisher, distributor, etc | Hurst & Company, |
| Date of publication, distribution, etc | 2011 |
| 300 ## - PHYSICAL DESCRIPTION | |
| Extent | 402 p. |
| 546 ## - LANGUAGE NOTE | |
| Language note | EN |
| 942 ## - ADDED ENTRY ELEMENTS (KOHA) | |
| Koha item type | Books |
| Withdrawn status | Lost status | Source of classification or shelving scheme | Damaged status | Not for loan | Home library | Current library | Date acquired | Total Checkouts | Full call number | Barcode | Date last seen | Price effective from | Koha item type | Copy number |
|---|---|---|---|---|---|---|---|---|---|---|---|---|---|---|
| Dewey Decimal Classification | UMT Main Campus | UMT Main Campus | 2015-05-14 | 363.325088290942 LAM-C | 90019 | 2015-05-15 | 2015-05-14 | Books | ||||||
| Dewey Decimal Classification | UMT Main Campus | UMT Main Campus | 2015-05-15 | 363.325088290942 LAM-C | 90020 | 2015-05-15 | 2015-05-15 | Books | ||||||
| Dewey Decimal Classification | UMT Main Campus | UMT Main Campus | 2017-04-22 | 363.325088290942 LAM-C | 107591 | 2017-04-22 | 2017-04-22 | Books | C. 3 |
